000 00947nam a2200265Ia 4500
003 OSt
005 20221005110317.0
006 a|||||r|||| 00| 0
007 ta
008 221004b |||||||| |||| 00| 0 hin d
020 _a9788192033044 (hbk)
_c695
024 _a6844
037 _b149, 29/08/2013, Swaraj Prakashan
_cTextual
040 _aCRL
_cCRL
_bhin
041 _2hin
_ahin
082 _aO152,1:gN7, Q1
100 _aमानस, मुकेश
245 0 _aहिन्दी कविता की तीसरी धारा
246 _aHindī kavitā kī tīsarī dhārā
260 _aनई दिल्ली
_bस्वराज प्रकाशन भारत
_c2011
300 _a362पृ0
_ccm.
650 _aहिन्दी साहित्य
942 _hO152,1:gN7, Q1
_cTEXL
_2cc
999 _c1018413
_d1018413